000 00300nam a22001337a 4500
008 180928b xxu||||| |||| 00| 0 eng d
020 _a0815166559
041 _aeng
080 _a619
100 _a6
101 _aANE
245 _aFiberoptic Endoscopi In Anethesia
_cLinda.s
942 _2udc
_cBK
999 _c48691
_d48691